MARC details
| 000 -CABECERA |
| campo de control de longitud fija |
01630nam a2200313 4500 |
| 003 - IDENTIFICADOR DEL NÚMERO DE CONTROL |
| campo de control |
EC-UNACH |
| 005 - FECHA Y HORA DE LA ÚLTIMA TRANSACCIÓN |
| campo de control |
20251017102809.0 |
| 006 - CÓDIGOS DE INFORMACIÓN DE LONGITUD FIJA--CARACTERÍSTICAS DEL MATERIAL ADICIONAL |
| campo de control de longitud fija |
s||||gr|||| 00| 00 |
| 008 - DATOS DE LONGITUD FIJA--INFORMACIÓN GENERAL |
| campo de control de longitud fija |
150116t9999 mx r gr 000 0 spa d |
| 020 ## - NÚMERO INTERNACIONAL ESTÁNDAR DEL LIBRO |
| Número Internacional Estándar del Libro |
S/N |
| 040 ## - FUENTE DE LA CATALOGACIÓN |
| Centro catalogador/agencia de origen |
EC-UNACH |
| Centro/agencia transcriptor |
EC-UNACH |
| 041 ## - CÓDIGO DE LENGUA |
| Código de lengua del texto/banda sonora o título independiente |
spa |
| 082 04 - NÚMERO DE LA CLASIFICACIÓN DECIMAL DEWEY |
| Número de edición |
23 |
| Número de clasificación |
628.445.64 |
| Número de documento/Ítem |
L001949 |
| 110 ## - ENTRADA PRINCIPAL--NOMBRE DE ENTIDAD CORPORATIVA |
| Nombre de entidad corporativa o nombre de jurisdicción como elemento de entrada |
OPS. Centro Panamericano de Ingeniería Sanitaria y Ciencias del Ambiente |
| 245 ## - MENCIÓN DE TÍTULO |
| Título |
Guía para el diseño, construcción y operación de rellenos sanitarios manuales : Una solución para la disposición final de residuos solidos municipales en pequeñas poblaciones |
| 250 ## - MENCIÓN DE EDICIÓN |
| Mención de edición |
Reimpresión |
| 264 ## - Producción, publicación, distribución, fabricación y copyright |
| Lugar de producción, publicación, distribución, fabricación |
Lima - Perú |
| Nombre del de productor, editor, distribuidor, fabricante |
OPS. Centro Panamericano de Ingeniería Sanitaria y Ciencias del Ambiente |
| Fecha de de producción, publicación, distribución, fabricación o copyright |
2007 |
| 300 ## - DESCRIPCIÓN FÍSICA |
| Extensión |
287 páginas |
| Otras características físicas |
Cuadros, Figuras |
| 505 ## - NOTA DE CONTENIDO CON FORMATO |
| Nota de contenido con formato |
Contenido. --<br/>Presentación. --<br/>1. Generalidades. --<br/>2. Gestión integral de los residuos sólidos municipales. --<br/>3. El relleno sanitario. --<br/>4. Y el relleno sanitario manual. --<br/>5. Diseño de un relleno sanitario manual. --<br/>6. Preparación del terreno y construcción de la infraestructura. --<br/>7. Construcción, operación y mantenimiento. --<br/>8. Clausura del botadero municipal. --<br/>9. Administración y control. --<br/>Glosario. --<br/>Apéndices. --<br/>Lista de figuras. --<br/>Lista de cuadros. |
| 650 ## - PUNTO DE ACCESO ADICIONAL DE MATERIA--TÉRMINO DE MATERIA |
| Término de materia o nombre geográfico como elemento inicial |
RESIDUOS EN LA FUENTE |
| 650 ## - PUNTO DE ACCESO ADICIONAL DE MATERIA--TÉRMINO DE MATERIA |
| Término de materia o nombre geográfico como elemento inicial |
RECICLAJE |
| 650 ## - PUNTO DE ACCESO ADICIONAL DE MATERIA--TÉRMINO DE MATERIA |
| Término de materia o nombre geográfico como elemento inicial |
RELLENO SANITARIO |
| 700 ## - PUNTO DE ACCESO ADICIONAL--NOMBRE DE PERSONA |
| Nombre de persona |
Jaramillo, Jorge |
| 710 ## - PUNTO DE ACCESO ADICIONAL--NOMBRE DE ENTIDAD CORPORATIVA |
| Nombre de entidad corporativa o nombre de jurisdicción como elemento de entrada |
Organización Panamericana de la Salud |
| 942 ## - ELEMENTOS DE PUNTO DE ACCESO ADICIONAL (KOHA) |
| Tipo de ítem Koha |
Libros |
| Fuente del sistema de clasificación o colocación |
Clasificación Decimal Dewey |
| 999 ## - NÚMEROS DE CONTROL DE SISTEMA (KOHA) |
| Koha biblionumber |
14026 |